Estudio Transversal : concepto y filosofía de intervención en programas de reconstrucción del área rural de El Salvador después de los terremotos del 2001

Bibliographic Details
Main Author: Fundación Salvadoreña de Desarrollo y Vivienda Mínima.
Format: Section = Libro
Language:Undetermined
Spanish
Published: San Salvador FUNDASAL 2005
Subjects:
LEADER 00748nam a2200205Ia 4500
008 240829s9999 xx 000 0 und d
040 |a BIBLIOTECA-RUSB/ 728 F981 
041 |a spa 
082 |a 728 F981 
100 1 |a Fundación Salvadoreña de Desarrollo y Vivienda Mínima.  
245 1 0 |a Estudio Transversal : concepto y filosofía de intervención en programas de reconstrucción del área rural de El Salvador después de los terremotos del 2001 
260 |a San Salvador  |b FUNDASAL  |c 2005 
300 |a 71 p. :il. 
650 7 |a VIVIENDA RURAL - RECOSNTRUCCION - PROGRAMA 
650 7 |b  TENENCIA DE LA TIERRA 
650 7 |c  SISTEMAS CONSTRUCTIVS 
650 7 |d  VIVIENDA RURAL - POSTERREMOTO 
942 |c BK  |2 ddc 
991 |a TEXTO 
999 |c 5278